Lập trình kỹ thuật với C, Matlab, Java /

Kaydedildi:
Detaylı Bibliyografya
Yazar: Nguyễn Tuấn
Materyal Türü: Kitap
Dil:Vietnamese
Baskı/Yayın Bilgisi: TKE 2001
Etiketler: Etiketle
Etiket eklenmemiş, İlk siz ekleyin!
Thư viện lưu trữ: Mạng thư viện Đại học Đà Nẵng
LEADER 00633nam a2200265 4500
001 000027696
003 LJ
005 20150406120000.0
008 150406s vm 000 vie
020 |c 0,0000 
040 |a notts 
100 |a Nguyễn Tuấn 
245 |a Lập trình kỹ thuật với C, Matlab, Java /  |c Nguyễn Tuấn, Tấn Mẫn. 
260 |b TKE  |c 2001 
OWN |a LTT 
999 |a From the UDN01 
TYP |a Monograph 
TYP |a Printed language 
980 |a Mạng thư viện Đại học Đà Nẵng